Beautés du réel Bertrand Tillier, Le réalisme, Citadelles & Mazenod, 2024, 392 pages, 320 illustrations, 199 €. (notice n° 1581703)
[ vue normale ]
| 000 -LEADER | |
|---|---|
| fixed length control field | 00996cam a2200157 4500500 |
| 005 - DATE AND TIME OF LATEST TRANSACTION | |
| control field | 20251228051330.0 |
| 041 ## - LANGUAGE CODE | |
| Language code of text/sound track or separate title | fre |
| 042 ## - AUTHENTICATION CODE | |
| Authentication code | dc |
| 100 10 - MAIN ENTRY--PERSONAL NAME | |
| Personal name | Dethurens, Pascal |
| Relator term | author |
| 245 00 - TITLE STATEMENT | |
| Title | Beautés du réel Bertrand Tillier, Le réalisme, Citadelles & Mazenod, 2024, 392 pages, 320 illustrations, 199 €. |
| 260 ## - PUBLICATION, DISTRIBUTION, ETC. | |
| Date of publication, distribution, etc. | 2024.<br/> |
| 500 ## - GENERAL NOTE | |
| General note | 92 |
| 520 ## - SUMMARY, ETC. | |
| Summary, etc. | La ville de Chartres et le Centre des monuments nationaux célèbrent à partir de cet automne, pour une année, le millénaire de la cathédrale de Chartres, première cathédrale de France inscrite au patrimoine mondial de l’Unesco, dont le trésor vient d’être superbement restauré. À l’occasion de cet anniversaire, le musée des Beaux-Arts de la ville présente une série d’expositions exhumant sculptures et manuscrits enluminés. |
| 786 0# - DATA SOURCE ENTRY | |
| Note | Études | ovembre | 11 | 2024-11-07 | p. 121-122 | 0014-1941 |
| 856 41 - ELECTRONIC LOCATION AND ACCESS | |
| Uniform Resource Identifier | <a href="https://shs.cairn.info/revue-etudes-2024-11-page-121?lang=fr&redirect-ssocas=7080">https://shs.cairn.info/revue-etudes-2024-11-page-121?lang=fr&redirect-ssocas=7080</a> |
Pas d'exemplaire disponible.




Réseaux sociaux